| 000 | 005850000a22001810004500 | ||
|---|---|---|---|
| 003 | MACL | ||
| 005 | 20160604124137.0 | ||
| 008 | 160604b xxu||||| |||| 00| 0 eng d | ||
| 040 |
_aMACL _cMACL |
||
| 041 | _aHindi | ||
| 082 | _a920 | ||
| 100 |
_aभाटिया, सुदर्शन _917524 |
||
| 245 |
_aशिवरात्रि से विषपान तक _cसुदर्शन भाटिया |
||
| 260 |
_aदिल्ली _bहिमाचल बुक्स _c2012 |
||
| 350 | _a250 | ||
| 650 |
_aAutobiography _962340 |
||
| 942 |
_cHIN _k920/BHA _2ddc |
||
| 999 |
_c47595 _d47595 |
||